00346 a2200097 4500001001000000005001700010008004100027245011300068100002600181773004100207ART_5071820260410161632.0260409a 10aNuevamente sobre la obligación de los profesionales de Ciencias Económicas de formular denuncias penales1 aRobiglio, Carolina L.0 tEnfoquesg- N°2 (feb. 2020)wREV416